000 00682nam a2200217 a 4500
999 _c6181
_d6181
001 6181
003 BD-JhCC
005 20201206134020.0
008 180116s2000 bg |||| ||a| 000 0 ben d
035 _a(BD-JhCC)6181
040 _aBD-JhCC
_dBD-JhCC
041 _aben
082 _a891.4409
_bHAB 2000
100 _aহাবীব, হারুন
245 _aমুক্তিযুদ্ধের নির্বাচিত প্রবন্ধ /
_cহারুন হাবীব,
260 _aঢাকা :
_bঅন্যপ্রকাশ,
_c2000
300 _a143 p. :
_c21 cm.
650 _aBengali Historical Literature
942 _2ddc
_cBK
_01